000 00323 a2200157 4500
001 164497
020 _a
040 _cMagnum
100 _aDinorah, Maria
240 1 0 _aCoragem de sonhar
_lpor
245 1 0 _aCoragem de sonhar
362 0 _a1899
440 1 _aModerna
697 _aJ/ADOLESCENTE, NAMORO
942 _cBK
999 _c164497
_d164497